000 00340nam a2200145Ia 4500
008 191201s2008 xx 000 0 und d
082 _a621.381
_bTAD
100 _aTAUB, Harbert
245 0 _aDigital Integrated Electronics
250 _aRep.
260 _aN.Delhi
_bTMH
_c2008
300 _a650
650 _aB.Tech(ECE)
942 _2ddc
_cBK
999 _c3818
_d3818